000 01040 a2200265 4500
001 45054
005 20260407155726.0
008 260407a2011 arg spa d
003 AR-UNSa-BCEJYS
040 _aAR-UNSa-BCEJYS
_bspa
_cAR-UNSa-BCEJYS
080 _a331.5
_xMercado de Trabajo. Empleo
245 1 0 _aInformalidad laboral en la provincia de Mendoza
_pCaracterísticas y políticas para promover la formalización
020 _a978-92-2-325605-0
264 1 _aBuenos Aires :
_bOIT
_c2011
300 _a118 p.
_c30 cm.
505 _a1.Caracterización de la informalidad en la Provincia de Mendoza – 2. Políticas en la Provincia de Mendoza destinadas a aumentar la formalidad – 3. Consideraciones finales.
041 _aspa
942 _cBK
590 _aniveau_biblio:m niveau_hierar:0
100 1 _aMercau, Raúl
700 1 _aBertranou, Fabio
700 1 _aJardel, Silvia
700 1 _aGonzález, Rodrigo
856 4 1 _uhttps://www.biblioeco.unsa.edu.ar/pmb/images/libros/L127076.jpg
_yImagen de portada
_qimage/jpeg
999 _c3905
_d3905